| 000 | 00541nam a2200181Ia 4500 | ||
|---|---|---|---|
| 999 |
_c14208 _d14208 |
||
| 003 | OSt | ||
| 005 | 20201020131528.0 | ||
| 008 | 190216s9999||||xx |||||||||||||| ||und|| | ||
| 020 | _a9788171568079 | ||
| 040 | _coclc | ||
| 082 |
_a810.9 _bBHO/C |
||
| 100 |
_aBhongle, Rangrao _95769 |
||
| 245 | 0 |
_aContemperary Amarican Literature / _cRangrao Bhongle |
|
| 260 |
_bAtlantic Publications And Distributors , _c2002. _aNew Delhi: |
||
| 300 | _a145p | ||
| 650 | _aEnglish | ||
| 942 |
_cBK _2ddc _h810.9 _iBHO/C _k810.9 _mBHO/C |
||